[Event "Senta op-A 14th"]
[Site "Senta"]
[Date "2010.07.22"]
[Round "7"]
[White "Kovacs, Arthur"]
[Black "Peric, Milovan"]
[Result "1-0"]
[WhiteElo "2120"]
[BlackElo "2098"]
[PlyCount "116"]
[EventDate "2010.07.17"]
[EventType "swiss"]
[EventRounds "9"]
[EventCountry "YUG"]
[SourceTitle "CBM 137 Extra"]
[Source "ChessBase"]
[SourceDate "2010.09.01"]
[SourceVersion "1"]
[SourceVersionDate "2010.09.01"]
[SourceQuality "1"]

1. d4 f5 2. e4 d5 3. exd5 Qxd5 4. c4 Qe4+ 5. Ne2 Nf6 6. Nbc3 Qe6 7. Qd3 g6 8. g3 Na6 9. a3 c6 10. Bg2 Qd7 11. Qc2 e6 12. 0-0 Bg7 13. Re1 0-0 14. Bf4 h6 15. Rad1 Nh5 16. Qd2 Kh7 17. b4 Nc7 18. Bf3 Nf6 19. Be5 a5 20. d5 axb4 21. axb4 cxd5 22. cxd5 exd5 23. Bxc7 Qxc7 24. Nxd5 Nxd5 25. Qxd5 Ra3 26. Bg2 Qb6 27. Qc5 Qa6 28. Nf4 b6 29. Qc6 b5 30. Rd6 Qxc6 31. Bxc6 g5 32. Nh5 Ra7 33. Nxg7 Kxg7 34. Re5 f4 35. Rxb5 Ra1+ 36. Kg2 Ba6 37. Ra5 Bf1+ 38. Kf3 fxg3+ 39. Kxg3 Rb1 40. Ra7+ Rf7 41. Rxf7+ Kxf7 42. b5 h5 43. h4 Rb3+ 44. Kh2 Ke7 45. Rd7+ Ke6 46. hxg5 Bxb5 47. Bd5+ Kxd7 48. Bxb3 Ke7 49. f4 Bd7 50. Kg3 Kf8 51. Bd1 Bf5 52. Bxh5 Kg7 53. Bg4 Bc2 54. f5 Bd3 55. Kf4 Bc2 56. Ke5 Bd3 57. Bh5 Bc2 58. f6+ Kg8 1-0

[Event "Senta op-A 14th"]
[Site "Senta"]
[Date "2010.07.17"]
[Round "1"]
[White "Petkovic, Radosav"]
[Black "Peric, Milovan"]
[Result "1-0"]
[WhiteElo "2281"]
[BlackElo "2098"]
[PlyCount "51"]
[EventDate "2010.07.17"]
[EventType "swiss"]
[EventRounds "9"]
[EventCountry "YUG"]
[SourceTitle "CBM 137 Extra"]
[Source "ChessBase"]
[SourceDate "2010.09.01"]
[SourceVersion "1"]
[SourceVersionDate "2010.09.01"]
[SourceQuality "1"]

1. e4 e5 2. Nf3 Nc6 3. d4 exd4 4. Nxd4 Qf6 5. Be3 Bb4+ 6. c3 Ba5 7. Nd2 Nge7 8. Nc4 d6 9. Nxa5 Nxa5 10. Nb5 0-0 11. Nxc7 Bd7 12. Nxa8 Rxa8 13. Be2 Nac6 14. 0-0 Qg6 15. Bh5 Qe6 16. Qb3 g6 17. Qxe6 Bxe6 18. Be2 a6 19. Rfd1 d5 20. exd5 Nxd5 21. Bc5 Ne5 22. Bd6 Nd7 23. Bf3 N7b6 24. b3 Nf6 25. Bxb7 Ra7 26. Bf3 1-0

[Event "DDS League"]
[Site "Dvorovi"]
[Date "2005.07.06"]
[Round "6"]
[White "Jovanovic, Zoran"]
[Black "Peric, Milovan"]
[Result "1-0"]
[WhiteElo "2482"]
[BlackElo "2175"]
[PlyCount "65"]
[EventDate "2005.07.03"]
[EventType "team"]
[EventRounds "7"]
[EventCountry "BIH"]
[SourceTitle "CBM 107 Extra"]
[Source "ChessBase"]
[SourceDate "2005.09.01"]
[SourceVersion "1"]
[SourceVersionDate "2005.09.01"]
[SourceQuality "1"]

1. e4 e5 2. Nf3 Nc6 3. Nc3 Bc5 4. Nxe5 Bxf2+ 5. Kxf2 Nxe5 6. d4 Ng6 7. Be2 Qh4+ 8. g3 Qf6+ 9. Kg2 d6 10. Rf1 Qd8 11. Bc4 Nf6 12. Bg5 Qd7 13. Bxf6 gxf6 14. Nd5 Qh3+ 15. Kh1 0-0 16. Nxf6+ Kh8 17. Qf3 c6 18. Rf2 Be6 19. Bf1 Qh6 20. Bg2 Rad8 21. Raf1 d5 22. exd5 cxd5 23. Qb3 b6 24. c4 dxc4 25. Qc3 Qg7 26. d5 Bc8 27. Qxc4 Rd6 28. Qc7 Rxf6 29. Rxf6 Kg8 30. d6 Ba6 31. R1f2 Ne5 32. d7 Ng4 33. d8Q 1-0